[Event "Sant' Anna op 10th"]
[Site "Pisignano di Vernole"]
[Date "2007.08.11"]
[Round "7"]
[White "Sansonetti, Giorgio"]
[Black "Guccione, Daniele"]
[Result "1-0"]
[WhiteElo "2109"]
[BlackElo "1879"]
[PlyCount "113"]
[EventDate "2007.08.07"]
[EventType "swiss"]
[EventRounds "7"]
[EventCountry "ITA"]
[SourceTitle "EXT 2009"]
[Source "ChessBase"]
[SourceDate "2008.11.26"]
[SourceVersion "1"]
[SourceVersionDate "2008.11.26"]
[SourceQuality "1"]

1. e4 e5 2. f4 exf4 3. Nf3 g5 4. Bc4 Bg7 5. d4 d6 6. c3 Nc6 7. 0-0 h6 8. g3 g4 9. Nh4 f3 10. Nd2 Nf6 11. b4 a6 12. Qb3 Qe7 13. Bb2 b5 14. Bd3 Be6 15. Qc2 Bd7 16. Rfe1 Nh5 17. Nf5 Qd8 18. Nxg7+ Nxg7 19. Nf1 Kf8 20. Ne3 h5 21. Kf2 h4 22. Rh1 Qg5 23. Rag1 Ne7 24. Bc1 Qh5 25. Nf1 f5 26. Qd2 Ng6 27. Qg5 Qxg5 28. Bxg5 h3 29. Ne3 Rh5 30. exf5 Rxg5 31. fxg6 a5 32. Be4 Ra7 33. Ra1 axb4 34. cxb4 c5 35. dxc5 dxc5 36. bxc5 Rxc5 37. Rhd1 Be6 38. Rd2 b4 39. Rb1 Rca5 40. Rxb4 Rxa2 41. Rbb2 Rxb2 42. Rxb2 Ra1 43. Bb1 Ke7 44. Rb7+ Kf6 45. Rb6 Ke5 46. Rb5+ Kf6 47. Nc2 Ra6 48. Nd4 Bd7 49. Rb2 Nf5 50. Nxf5 Bxf5 51. g7 Be6 52. Rb7 Bd5 53. Rb5 Bg8 54. Rb4 Be6 55. Rxg4 Rb6 56. g8Q Bxg8 57. Rg6+ 1-0

[Event "Sant' Anna op 10th"]
[Site "Pisignano di Vernole"]
[Date "2007.08.08"]
[Round "2"]
[White "Altini, Daniele"]
[Black "Guccione, Daniele"]
[Result "1-0"]
[WhiteElo "2281"]
[BlackElo "1879"]
[PlyCount "79"]
[EventDate "2007.08.07"]
[EventType "swiss"]
[EventRounds "7"]
[EventCountry "ITA"]
[SourceTitle "EXT 2009"]
[Source "ChessBase"]
[SourceDate "2008.11.26"]
[SourceVersion "1"]
[SourceVersionDate "2008.11.26"]
[SourceQuality "1"]

1. d4 Nf6 2. Bf4 d6 3. e3 g6 4. Nf3 Bg7 5. Be2 0-0 6. h3 c5 7. Nbd2 Nc6 8. 0-0 Re8 9. Bh2 cxd4 10. exd4 e5 11. c3 e4 12. Ne1 d5 13. Nc2 Be6 14. Ne3 Nd7 15. Nb3 Nb6 16. Nc5 Qg5 17. f4 exf3 18. Rxf3 Qe7 19. Qf1 Nxd4 20. cxd4 Bxd4 21. Nb3 Bxb2 22. Rb1 Bg7 23. Bb5 Bd7 24. Bxd7 Qxd7 25. Qd3 Rac8 26. Nd4 Qa4 27. Rd1 Nc4 28. Nxc4 dxc4 29. Qb1 c3 30. Nc2 Re2 31. Rf2 Rce8 32. Qb3 Qe4 33. Qxf7+ Kh8 34. Rd7 Re1+ 35. Nxe1 Qxe1+ 36. Rf1 Bd4+ 37. Rxd4 Qe3+ 38. Kh1 c2 39. Rd7 Qh6 40. Qxe8+ 1-0

[Event "Sant' Anna op 10th"]
[Site "Pisignano di Vernole"]
[Date "2007.08.08"]
[Round "3"]
[White "Guccione, Daniele"]
[Black "Elia, Alessio"]
[Result "1-0"]
[WhiteElo "1879"]
[BlackElo "1895"]
[PlyCount "67"]
[EventDate "2007.08.07"]
[EventType "swiss"]
[EventRounds "7"]
[EventCountry "ITA"]
[SourceTitle "EXT 2009"]
[Source "ChessBase"]
[SourceDate "2008.11.26"]
[SourceVersion "1"]
[SourceVersionDate "2008.11.26"]
[SourceQuality "1"]

1. e4 d6 2. d4 Nf6 3. Nc3 g6 4. Bg5 Bg7 5. f4 0-0 6. Nf3 Nc6 7. Qd2 h6 8. Bh4 Nb8 9. 0-0-0 c6 10. e5 Ne8 11. Bc4 d5 12. Bd3 Nc7 13. Bf2 Be6 14. h4 Bg4 15. Ne2 Qd7 16. Nh2 Bf5 17. g4 Bxd3 18. Qxd3 Kh7 19. h5 Qe8 20. Nf3 f5 21. hxg6+ Kg8 22. gxf5 Nd7 23. Ng3 Qc8 24. Nh5 Nb6 25. Nh4 Ne8 26. Rdg1 Bh8 27. g7 Bxg7 28. Nxg7 Nxg7 29. Rxg7+ Kxg7 30. Qg3+ Kh8 31. Ng6+ Kh7 32. Qh2 Kg7 33. Qxh6+ Kf7 34. Qh7+ 1-0

[Event "Campobasso op 14th"]
[Site "Campobasso"]
[Date "2007.07.22"]
[Round "5"]
[White "Guccione, Daniele"]
[Black "Palladino, Andrea"]
[Result "0-1"]
[WhiteElo "1879"]
[BlackElo "1980"]
[PlyCount "116"]
[EventDate "2007.07.20"]
[EventType "swiss"]
[EventRounds "6"]
[EventCountry "ITA"]
[SourceTitle "EXT 2009"]
[Source "ChessBase"]
[SourceDate "2008.11.26"]
[SourceVersion "1"]
[SourceVersionDate "2008.11.26"]
[SourceQuality "1"]

1. e4 e5 2. Nf3 Nc6 3. Bb5 a6 4. Bxc6 dxc6 5. Nc3 Qd6 6. d4 exd4 7. Nxd4 Bd7 8. 0-0 0-0-0 9. Be3 Qg6 10. Qe2 Nh6 11. f3 Bd6 12. Rad1 Rhe8 13. Nb3 Qh5 14. Rxd6 cxd6 15. Bb6 f5 16. Qf2 fxe4 17. Bxd8 Kxd8 18. Qb6+ Kc8 19. Nxe4 Nf7 20. c4 Re7 21. Na5 Be8 22. b4 Qe5 23. a4 g5 24. b5 axb5 25. cxb5 c5 26. Rd1 g4 27. Qa7 gxf3 28. Qa8+ Kd7 29. Qxb7+ Ke6 30. Nxc5+ Qxc5+ 31. Kh1 Rxb7 32. Nxb7 Qc2 33. Re1+ Kf6 34. gxf3 Ne5 35. Nxd6 Bh5 36. Ne4+ Ke7 37. Ng5 Qf5 38. h4 Bxf3+ 39. Nxf3 Qxf3+ 40. Kg1 Kd6 41. b6 Qg3+ 42. Kf1 Qxh4 43. Rd1+ Kc6 44. a5 Qc4+ 45. Kg1 Qg4+ 46. Kf2 Qxd1 47. Ke3 Qd3+ 48. Kf4 Qa6 49. Kxe5 Qxa5+ 50. Ke4 Qxb6 51. Kf5 Qe3 52. Kg4 Qf2 53. Kg5 Kd5 54. Kg4 Ke4 55. Kg5 Qf5+ 56. Kh4 Qg6 57. Kh3 Kf3 58. Kh2 Qg2# 0-1

[Event "Campobasso op 14th"]
[Site "Campobasso"]
[Date "2007.07.01"]
[Round "4"]
[White "Chicco, Giancarlo"]
[Black "Guccione, Daniele"]
[Result "0-1"]
[WhiteElo "1658"]
[BlackElo "1879"]
[PlyCount "102"]
[EventDate "2007.07.20"]
[EventType "swiss"]
[EventRounds "6"]
[EventCountry "ITA"]
[SourceTitle "EXT 2009"]
[Source "ChessBase"]
[SourceDate "2008.11.26"]
[SourceVersion "1"]
[SourceVersionDate "2008.11.26"]
[SourceQuality "1"]

1. d4 Nf6 2. Nf3 g6 3. h3 Bg7 4. Bf4 d6 5. e3 0-0 6. c3 c6 7. Be2 Nbd7 8. Nbd2 Re8 9. 0-0 e5 10. Bh2 e4 11. Ne1 Qe7 12. Nc4 d5 13. Nd6 Rd8 14. Nxc8 Raxc8 15. Nc2 Ne8 16. Na3 b5 17. Nc2 Nb6 18. Nb4 Qb7 19. Rb1 a5 20. Nc2 Qe7 21. a3 Nd6 22. Bxd6 Rxd6 23. Na1 f5 24. Nb3 a4 25. Nc5 Qh4 26. Kh2 g5 27. g3 Qh6 28. Kg2 f4 29. exf4 gxf4 30. Bg4 f3+ 31. Kh2 Rf8 32. h4 Rg6 33. Bh3 Bf6 34. Rg1 Nc4 35. Nd7 Rd8 36. Nxf6+ Rxf6 37. Qc1 Qxc1 38. Rgxc1 Nd2 39. Rd1 Nxb1 40. Rxb1 e3 41. fxe3 Re8 42. Re1 f2 43. Re2 f1Q 44. Bxf1 Rxf1 45. Kg2 Rf7 46. Kg1 h5 47. Kh2 Rfe7 48. Kg2 Rxe3 49. Rxe3 Rxe3 50. Kf2 Rd3 51. Kg2 Rd2+ 0-1

[Event "Bari op"]
[Site "Bari"]
[Date "2004.??.??"]
[Round "5"]
[White "Pascali, Frederic"]
[Black "Guccione, Daniele"]
[Result "1-0"]
[WhiteElo "1730"]
[BlackElo "1725"]
[PlyCount "93"]
[EventDate "2004.??.??"]
[EventType "swiss"]
[EventRounds "6"]
[EventCountry "ITA"]
[SourceTitle "EXT 2007"]
[Source "ChessBase"]
[SourceDate "2006.11.23"]
[SourceVersion "1"]
[SourceVersionDate "2006.11.23"]
[SourceQuality "1"]

1. Nf3 Nf6 2. e3 g6 3. d4 Bg7 4. c4 d6 5. Nc3 0-0 6. Bd3 c6 7. 0-0 Qc7 8. e4 e5 9. d5 Na6 10. h3 Nh5 11. Rb1 Nc5 12. Bc2 a5 13. a3 Nf4 14. b4 axb4 15. axb4 Nd7 16. Ne2 Nxe2+ 17. Qxe2 cxd5 18. cxd5 Nf6 19. Bd3 Nh5 20. Be3 Nf4 21. Qd2 Nxd3 22. Qxd3 f5 23. Rfc1 fxe4 24. Qxe4 Bf5 25. Qh4 Qf7 26. Ng5 Bf6 27. Nxf7 Bxh4 28. Nh6+ Kh8 29. Nxf5 Rxf5 30. Rc7 Raf8 31. g3 Bg5 32. g4 Bd8 33. Rxb7 Rf3 34. Bh6 Re8 35. Kg2 e4 36. g5 Rf5 37. Rb8 Kg8 38. Ra1 Rf7 39. Raa8 Rd7 40. b5 Kf7 41. b6 Rg8 42. Ra7 Ke7 43. Rc8 Re8 44. b7 Bc7 45. Raa8 Red8 46. b8Q Bxb8 47. Rcxb8 1-0